Miley Henton
N/A
Categories
Literature - World and Miscellaneous | 0 | 4 | 0 | 0 | 40 | 92 | 121.50 | 0 | 0 |
Literature - American | 0 | 2 | 0 | 0 | 20 | 96 | 109.00 | 0 | 0 |
History - American | 0 | 1 | 0 | 0 | 10 | 119 | 119.00 | 0 | 0 |
History - Cross, Historiography, and Miscellaneous | 0 | 1 | 0 | 0 | 10 | 124 | 124.00 | 0 | 0 |
Current Events - World | 0 | 1 | 0 | 0 | 10 | 96 | 96.00 | 0 | 0 |
Fine Arts - Ballet/Dance | 0 | 1 | 0 | 0 | 10 | 125 | 125.00 | 0 | 0 |
RMP - Jewish Practice | 0 | 1 | 0 | 0 | 10 | 81 | 81.00 | 0 | 0 |
Other - Other Academic and General Knowledge | 0 | 1 | 0 | 0 | 10 | 78 | 78.00 | 0 | 0 |
RMP - Islam | 0 | 1 | 0 | 0 | 10 | 124 | 124.00 | 0 | 0 |
Literature - British | 0 | 0 | 0 | 0 | 0 | 0.00 | 0 | 0 |